|
|
|
|
| LEADER |
00663nam a2200181Ia 4500 |
| 001 |
CTU_51027 |
| 008 |
210402s9999 xx 000 0 und d |
| 020 |
|
|
|b 1840000
|
| 082 |
|
|
|a 660.63
|
| 082 |
|
|
|b B615
|
| 245 |
|
0 |
|a Biopolymers
|
| 245 |
|
0 |
|b Utilizing nature's advanced materials,Developed from a symposium at the Fifth Chemical Congress of North America, Cancun, Quintana, Mexico, November 11 - 15, 1997
|
| 260 |
|
|
|a Washington, DC
|
| 260 |
|
|
|b American Chemical Society
|
| 260 |
|
|
|c 1999
|
| 650 |
|
|
|a polysaccharides,biopolymers
|
| 650 |
|
|
|x biotechnology,congresses,biotechnology,congresses
|
| 980 |
|
|
|a Trung tâm Học liệu Trường Đại học Cần Thơ
|